The geological map (Record no. 75866)

MARC details
000 -LEADER
fixed length control field 01045nam a2200217 a 4500
008 - FIXED-LENGTH DATA ELEMENTS--GENERAL INFORMATION
fixed length control field 120416s1983 ||||||||||||||||| || u
020 ## - INTERNATIONAL STANDARD BOOK NUMBER
International Standard Book Number 0118807218
050 ## - LIBRARY OF CONGRESS CALL NUMBER
Classification number G 5740 Edm
100 ## - MAIN ENTRY--PERSONAL NAME
Personal name Edmonds, Eric
245 14 - TITLE STATEMENT
Title The geological map
246 ## -
-- an anatomy of the landscape
260 ## - PUBLICATION, DISTRIBUTION, ETC.
Place of publication, distribution, etc. London
Name of publisher, distributor, etc. HMSO
Date of publication, distribution, etc. 1983
300 ## - PHYSICAL DESCRIPTION
Extent 36p. : ill.
350 ## -
-- 0.00
650 ## - SUBJECT ADDED ENTRY--TOPICAL TERM
Topical term or geographic name entry element MAPS
650 ## - SUBJECT ADDED ENTRY--TOPICAL TERM
Topical term or geographic name entry element MAPS--MALAWI
995 ## -
-- ANNEX COLLECTION (Main Library)
-- 0.00
-- 712950
-- CBU-MAIN LIBRARY (Kitwe)
-- 1
-- 1.50
-- G 5740 Edm
-- 2
-- AVAILABLE
-- 001234
-- Annex Low-Usage Collection
995 ## -
-- ANNEX COLLECTION (Main Library)
-- 0.00
-- 712951
-- CBU-MAIN LIBRARY (Kitwe)
-- 4
-- 1.50
-- G 5740 Edm
-- 4
-- AVAILABLE
-- 001235
-- Annex Low-Usage Collection
995 ## -
-- ANNEX COLLECTION (Main Library)
-- 0.00
-- 712949
-- CBU-MAIN LIBRARY (Kitwe)
-- 2
-- 1.50
-- G 5740 Edm
-- 1
-- AVAILABLE
-- 001232
-- Annex Low-Usage Collection
995 ## -
-- ANNEX COLLECTION (Main Library)
-- 0.00
-- 712952
-- CBU-MAIN LIBRARY (Kitwe)
-- 3
-- 1.50
-- G 5740 Edm
-- 3
-- AVAILABLE
-- 001233
-- Annex Low-Usage Collection
999 ## -
-- 75866
-- 75866
Holdings
Withdrawn status Lost status Source of classification or shelving scheme Damaged status Not for loan Permanent Location Current Location Date acquired Full call number Barcode Date last seen Copy number Price effective from Koha item type Shelving location Total Checkouts
Withdrawn         CBU-MAIN LIBRARY, KITWE. CBU-MAIN LIBRARY, KITWE. 04/25/2023 G 5740 Edm 001234 04/25/2023 1 04/25/2023 MONOGRAPH    
          CBU-MAIN LIBRARY, KITWE. CBU-MAIN LIBRARY, KITWE. 04/25/2023 G 5740 Edm 001235 04/25/2023 2 04/25/2023 MONOGRAPH    
          CBU-MAIN LIBRARY, KITWE. CBU-MAIN LIBRARY, KITWE. 04/25/2023 G 5740 Edm 001232 04/25/2023 3 04/25/2023 MONOGRAPH    
          CBU-MAIN LIBRARY, KITWE. CBU-MAIN LIBRARY, KITWE. 04/25/2023 G 5740 Edm 001233 04/25/2023 4 04/25/2023 MONOGRAPH